=LDR 00000nam 2200000 4500 =001 INLIS000000000032080 =005 20130612134116 =008 ***********************************ind** =035 ##$$0010-061300000032080 =041 ##$$a ind =082 ##$$a 500 =090 ##$$a 500, Ilm i =245 ##$$a Ilmu Pengertahuan Populer jld 9, Ilmu Pengetahua Manusia Teknologi =260 ##$$a ( 20... ) $b Jakarta =300 ##$$a 297, illus, 27 cm =650 ##$$a Sains =850 ##$$a NBPNMAT